000 00753nam a2200217 a 4500
001 55270
003 BD-RjUL
005 20211209080236.0
008 161115s1969 ii ||||| |||| 00| 0 ben d
035 _a(BD-RjUL)
040 _aBD-RjUL
_bben
_cBD-RjUL
_dBD-RjUL
041 _aben
082 _223
_a780
_bBHS 1969
100 _aভট্টাচার্য, সাধন কুমার
_9164670
245 1 0 _aসংগীতের সুন্দর /
_cসাধন কুমার ভট্টাচার্য,
260 _aকলিকাতা :
_bজিজ্ঞাসা,
_c১৯৬৯.
300 _a[৬], ১৩১ পৃ. ;
_c২৩ সেমি.
650 _aসঙ্গীত
_9164671
650 _aMusic
_9164672
942 _2ddc
_cBK
999 _c55270
_d55270